Guess the Taylor Swift song by the first line - Statistics

General Stats
  • This quiz has been taken 45 times
  • The average score is 10 of 14
Answer Stats
Hint Answer % Correct
you with your words like knives and swords and weapons that you use againt me mean
97%
You should take it as a compliment That I got drunk and made fun of the way you talk gorgeous
95%
My castle crumbled overnight I brought a knife to a gunfight Call it what you want
92%
Make sure nobody sees you leave Hood over your head, keep your eyes down illicit affairs
90%
How many days did I spend Thinkin' 'bout how you did me wrong, wrong, wrong? i forgot that you existed
87%
Meet me at midnight
Starin' at the ceilin' with you
Oh, you don't ever say too much
lavender haze
82%
Once upon a time, I believe it was a Tuesday when I caught your eye And we caught onto something forever and always
79%
It's 2 A.M. in your car Windows down, I pass my street The memories start I wish you would
79%
Fatefully I tried to pick my battles 'til the battle picked me long story short
74%
I'm walking fast through the traffic lights Busy streets and busy lives state of grace
67%
New to town with a made-up name In the angel's city, chasing fortune and fame The lucky one
56%
It's strange to think the songs we used to sing The smiles, the flowers, everything is gone should've said no
54%
It keeps me awake The look on your face The moment you heard the news only the young
46%
I wish i was strong enough to lift not one but both of us both of us
41%
No matching quizzes found
Score Distribution
Percent of People with Each Score
Percentile by Number Answered
Your Score History
You have not taken this quiz